Santiago de Chile (1541-1991): Historia de una sociedad urbana.
Guardat en:
| Autor principal: | |
|---|---|
| Format: | Llibre |
| Idioma: | espanyol |
| Publicat: |
Madrid, España:
Editorial MAPFRE,
1992.
|
| Col·lecció: | Colección Ciudades de Iberoamérica VIII.
|
| Matèries: | |
| Etiquetes: |
Afegir etiqueta
Sense etiquetes, Sigues el primer a etiquetar aquest registre!
|
MARC
| LEADER | 00000cam a2200000 a 4500 | ||
|---|---|---|---|
| 001 | UCX6901 | ||
| 003 | CL-VaPUC | ||
| 005 | 20250306152017.0 | ||
| 008 | 930827t19920000SP |||||||||||||||||spa|d | ||
| 999 | |c 226842 |d 226840 | ||
| 020 | |a 8471004275 | ||
| 040 | |c Pontificia Universidad Católica de Valparaíso | ||
| 082 | 0 | 4 | |a 983.315 RAM 1992 |2 21 |
| 100 | 0 | |a Ramón, Armando de |e autor |9 323580 | |
| 245 | 1 | 0 | |a Santiago de Chile (1541-1991): |b Historia de una sociedad urbana. |
| 260 | |a Madrid, España: |b Editorial MAPFRE, |c 1992. | ||
| 300 | |a 342 páginas | ||
| 490 | |a Colección Ciudades de Iberoamérica VIII. |n 6. | ||
| 500 | |a c.2 Donación Profesor Sr. Eduardo Cavieres. 05-08-2019 | ||
| 583 | |a last modification |c 20190809 10:06:44 |k Rodrigo Vera | ||
| 651 | 0 | |a Santiago (Chile) |x Historia |9 261130 | |
| 852 | |a BIBCUR | ||
| 942 | |c BK |2 ddc | ||
| 945 | |d 19930827 00:00:00 | ||
| 952 | |0 0 |1 0 |2 ddc |4 0 |6 983_315000000000000_RAM_1992 |7 0 |8 A |9 225458 |a BIBHIS |b BIBHIS |d 2019-11-15 |i 2941554 |o 983.315 RAM 1992 |p 2941554 |r 2025-01-20 |t 1 |w 2019-11-15 |y BK |k HIS | ||
| 952 | |0 0 |1 0 |2 ddc |3 erb |4 0 |6 983_315000000000000_RAM_1992 |7 0 |8 X |9 225459 |a FDOBUD |b FDOBUD |i 5594839 |o 983.315 RAM 1992 |p 5594839 |r 2019-11-15 |t 2 |w 2019-11-15 |y BK_X |z Catalogado en:20190809 |k BUD | ||